书目信息 |
| 题名: |
独步天下金口才
|
|
| 作者: | 高伟杰 编著 | |
| 分册: | ||
| 出版信息: | 北京 九州出版社 2002.12 |
|
| 页数: | 401页 | |
| 开本: | 21cm | |
| 丛书名: | ||
| 单 册: | ||
| 中图分类: | C912.1 | |
| 科图分类: | ||
| 主题词: | 人际交往--言语交往 | |
| 电子资源: | ||
| ISBN: | 7-80114-701-4 | |
| 000 | 00851nam0 2200217 45 | |
| 005 | 20041014084736.95 | |
| 010 | @a7-80114-701-4@dCNY 21.00 | |
| 100 | @a20020518d2002 ekmy0chiy0121 ea | |
| 101 | 0 | @achi |
| 102 | @aCN@b110000 | |
| 105 | @ay z 000yy | |
| 200 | 1 | @a独步天下金口才@Adu bu tian xia jin kou cai@e38种社交场合常用好口才现用现查@E38 zhong she jiao chang he chang yong hao kou cai xian yong xian cha@f高伟杰编著 |
| 210 | @a北京@c九州出版社@d2002.12 | |
| 215 | @a401页@d21cm | |
| 330 | @a根据社交场景来划分,社交口才主要有本书所阐述的38种。笔者分别就各种社交口才的特点、方式和实际运用通过经典的“金口才范例”作了详细的讲述和介绍。 | |
| 517 | 1 | @a38种社交场合常用好口才现用现查 |
| 606 | 0 | @a人际交往@x言语交往 |
| 690 | @aC912.1@v4 | |
| 701 | 0 | @a高伟杰@Agao wei jie@4编著 |
| 801 | 0 | @aCN@bQSSK1@c20041014 |
| 905 | @a10447@dC912.1@eG180 | |
| 独步天下金口才:38种社交场合常用好口才现用现查/高伟杰编著.-北京:九州出版社,2002.12 |
| 401页;21cm |
| ISBN 7-80114-701-4:CNY 21.00 |
| 根据社交场景来划分,社交口才主要有本书所阐述的38种。笔者分别就各种社交口才的特点、方式和实际运用通过经典的“金口才范例”作了详细的讲述和介绍。 |
| ● |
| 相关链接 |
|
|
|
正题名:独步天下金口才
索取号:C912.1/G180
 
预约/预借
| 序号 | 登录号 | 条形码 | 馆藏地/架位号 | 状态 | 备注 |
| 1 | 420004 | 204200042 | 社科库509/509社科库 56排7列5层/ [索取号:C912.1/G180] | 在馆 | |
| 2 | 420005 | 204200051 | 社科库509/509社科库 56排7列5层/ [索取号:C912.1/G180] | 在馆 | |
| 3 | 420006 | 204200060 | 社科库509/ [索取号:C912.1/G180] | 在馆 |